| 000 | 00837 a2200229 4500 | ||
|---|---|---|---|
| 003 | Nust | ||
| 005 | 20221110134524.0 | ||
| 010 | _a 77000707 | ||
| 020 | _a0205058310 (v. 1) : | ||
| 040 | _cNust | ||
| 082 | 0 | 0 | _a512 .1,BAR |
| 100 | 1 |
_aBarr, Robert M. _9102527 |
|
| 245 | 1 | 0 |
_aBasic skills in technical mathematics / _cRobert M. Barr, J. Louis Nanney, John L. Cable. |
| 250 | _aVolume 1 algebra | ||
| 260 |
_aBoston : _bAllyn and Bacon, _cc1977. |
||
| 300 |
_a217p _bill. ; _c28 cm. |
||
| 505 | _aFundamentals Concepts (Page-1), First Degree Equations (Page-26), Products And Functions (Page-62), Formulas , Function And Factorials (Page-100), Algebraic Fractions (Page-108). | ||
| 650 | 0 | _aMathematics. | |
| 700 | 1 |
_aCable, John Laurence, _d1934- _9102494 |
|
| 700 | 1 |
_aNanney, J. Louis, _9102493 |
|
| 942 |
_2ddc _cBK _k512 .1,BAR |
||
| 999 |
_c182064 _d182064 |
||